[Event "Dyfed Major"]
[Site "Fishguard"]
[Date "2017.12.02"]
[Round "1"]
[White "Scott, Paul"]
[Black "Osinga, Awne"]
[Result "1-0"]
[WhiteElo "1553"]
[BlackElo "1386"]
[Annotator "Rudy"]
[PlyCount "89"]
[EventDate "2017.02.24"]
[EventCountry "WLS"]

1. e4 e5 2. Nc3 Nf6 3. Bc4 Be7 4. d3 O-O 5. Nge2 (5. f4 {main}) 5... d6 (5...
c6) 6. O-O a6 (6... c6) (6... Nc6) 7. a4 (7. f4 {played in 2 games}) 7... Nc6 (
7... c6 8. Qe1 d5 9. Bb3 d4 10. Nd1 Nh5 {Shi-Wan, AUS ch minor Cammeray 2011,
0-1}) 8. f4 Bg4 (8... exf4 9. Bxf4 Ne5 10. Bb3 c5 11. Kh1 Ng6 12. Qe1 {Rihova-
Tancer, Klatovy op-B 2005,0-1}) 9. h3 (9. Qe1 Nd4 (9... Nh5 10. Nd5 Bh4 11. g3
Bf6 12. Kg2 Qd7 13. f5 Bd8 14. Ng1 Nd4 15. Qf2 c6 16. Ne3 Nf6 17. c3 d5 {
Aho-Tuomala, FIN ch tm 2000, 0-1}) 10. Nxd4 exd4 11. Ne2 c5 12. h3 Bxe2 13.
Qxe2 Re8 14. Qf3 {Bolon-Trolliet, FRA ch u12 girls, Romans 1999,1-0}) 9... Bd7
$11 (9... Be6 $11 10. Bxe6 fxe6 11. Be3 d5 12. fxe5 Nxe5 13. Nf4 Qd7 14. Bd4
Nc6 15. Bxf6 Bxf6 16. Qg4 {Matilainen-Pallagi,Jvaskula-Hevesi m 2001, 1-0}) 10.
Ng3 Nd4 11. Nce2 Qc8 (11... c5) 12. Nxd4 (12. fxe5 Nxe2+ 13. Qxe2 dxe5 14. Nf5
$16 {Komodo10}) 12... exd4 13. Qf3 (13. e5 $14) 13... Be6 14. b3 (14. e5 $16)
14... Bxc4 15. bxc4 $16 c6 16. Nf5 $18 {Komodo10; the Wh pieces have too much
space on the K side for Bl to cope with} Qd7 17. Qg3 (17. Bb2 $1 c5 18. c3 dxc3
19. Bxc3 {brings another piece in} Kh8 20. g4 $18) (17. Nxd4 $18) 17... g6 18.
Nxd4 (18. Nxe7+ Qxe7 19. f5 $18 {Komodo10}) 18... Nh5 19. Qf3 c5 20. Ne2 Bf6
21. c3 Kh8 22. Be3 b6 23. d4 (23. g4) 23... Qe6 (23... Qc7) 24. e5 $18 Be7 25.
g4 Ng7 26. f5 gxf5 27. gxf5 Nxf5 28. Qxf5 Rg8+ 29. Kh2 Qxc4 30. Qf3 (30. Nf4 $1
{Komodo10}) 30... Qe6 31. Rg1 (31. Qxf7 {simplest}) 31... dxe5 32. Rxg8+ (32.
d5 $18 {Komodo10}) 32... Rxg8 33. d5 Qd6 (33... e4) 34. Qe4 $18 (34. Qxf7 $18)
34... f5 35. Qxf5 Rf8 36. Qe4 Qf6 37. Ng3 Bd6 38. Rf1 Qe7 39. Rxf8+ Qxf8 40. c4
(40. Nf5) 40... a5 41. Nf5 Bc7 42. Bh6 Qe8 43. d6 Bxd6 44. Nxd6 Qe6 45. Qd5 (
45. Qa8+ Qg8 46. Nf7# {Komodo10}) 1-0

[Event "Dyfed Major"]
[Site "Fishguard"]
[Date "2017.02.24"]
[Round "1"]
[White "Farhaili, Mohammed"]
[Black "Neave, Guto"]
[Result "0-1"]
[WhiteElo "1275"]
[BlackElo "1515"]
[Annotator "Rudy"]
[PlyCount "58"]
[EventDate "2017.02.24"]
[EventCountry "WLS"]

1. d4 d5 2. c4 Nf6 (2... e6 {safer}) 3. Nc3 (3. cxd5 Nxd5 4. e4 {gives Wh a
centre}) 3... e6 4. Bg5 Be7 5. Nf3 c5 (5... O-O {more flexible before
committing centre pawns}) 6. e3 Nc6 7. cxd5 Nxd5 (7... exd5 {alternative}) 8.
Bxe7 Qxe7 9. Nxd5 exd5 10. Bb5 (10. dxc5 Qxc5 11. Qd2 Qb4 12. Qxb4 Nxb4 13.
Bb5+ Nc6 14. Rc1 Bd7 15. Ke2 $14 {Worek-Krumphals, EU ch U12 girls, Mureck
1998,1-0}) 10... c4 (10... O-O 11. Bxc6 bxc6 12. Rc1 c4 13. O-O Bg4 14. h3 Bd7
15. Ne5 f6 16. Nxd7 Qxd7 17. b3 cxb3 18. Qxb3 $14 {Csinszky-Tardy, HUN ch tm
1996,1/2-1/2}) 11. Ne5 $2 {drops a piece} (11. Bxc6+ bxc6 12. b3 $11 (12. O-O
$11)) 11... Qb4+ 12. Qd2 Qxb5 13. Nxc6 Qxc6 14. O-O Bf5 15. Rac1 O-O 16. b3 b5
17. Rfe1 Rac8 18. Rc3 Qd6 (18... b4 19. Rcc1 c3 {produces a powerful protected
passed pawn}) 19. f3 Rfe8 20. e4 {trying for some activity} dxe4 21. Rce3 Qc6
22. Qe2 c3 23. Qc2 exf3 {Bl needs to be careful about the back rank, but the c
pawn should still be winning for him} (23... Qd7 $1) (23... b4 $1 {both
Komodo10}) 24. Qxf5 (24. Qxc3 Rxe3 25. Qxe3 fxg2 26. d5 Qd7 $19 {Komodo10}) (
24. Rxe8+ Rxe8 25. Rxe8+ Qxe8 26. Qxc3 (26. Qxf5 $2 Qe1#) 26... fxg2 27. Kxg2
Qe2+ 28. Kg1 h5 $19 {Komodo10}) 24... Rxe3 25. Rc1 (25. Rxe3 c2) 25... c2 26.
d5 Qc5 27. Kf1 fxg2+ (27... Rce8) 28. Kxg2 Re2+ 29. Kf1 Rd2 (29... Rce8 {is a
little quicker; Komodo10}) 0-1

[Event "Dyfed Major"]
[Site "Fishguard"]
[Date "2017.02.24"]
[Round "1"]
[White "Taylor, Paul"]
[Black "Jones, Hefin"]
[Result "0-1"]
[WhiteElo "1511"]
[BlackElo "1269"]
[Annotator "Rudy"]
[PlyCount "68"]
[EventDate "2017.02.24"]
[EventCountry "WLS"]

1. e4 Nc6 2. Nc3 e5 3. Bc4 Nd4 {an unusual move, more typical in a blitz game
- its risky to move a piece twice in the opening, while leaving others
undeveloped, because the opponent often gets a better piece placement} (3...
Bc5 4. Qg4 {is another difficult line} Qf6 5. Nd5 $1) (3... Nf6 {main line}) 4.
Qh5 {may expose the Q later} (4. Nf3 {challenging the N is the most frequest &
simple response; Wh is content with a small lead in development}) 4... Qf6 (
4... Qe7 {safest} 5. Nd5 Nf6) 5. Bb3 (5. Nd5 $1 Qd6 6. Nxc7+ Kd8 (6... Qxc7 $2
7. Qxf7+ Kd8 8. Qxf8#) 7. Nxa8 Nxc2+ 8. Kf1 Nxa1 9. d4 Qxd4 10. Qe2 b5 11. Bxb5
Bb7 12. Nf3 Qd6 13. g3 Bxa8 14. Kg2 Nf6 15. Bg5 $16 {Komodo10; Bl will
struggle to get his pices out , & his K is uncomfortable in the centre}) 5...
c6 $11 6. d3 Bc5 7. Nh3 (7. Nf3 $11 {simplest} d6 (7... Nxf3+ 8. Qxf3 Qxf3 9.
gxf3 Nf6 10. f4 $11) 8. Nxd4 Bxd4 9. O-O $11) 7... g6 (7... d6 $15) 8. Qg5 (8.
Qd1) 8... d6 9. Qxf6 Nxf6 10. Ng5 Nxb3 (10... h6 $1 11. Nf3 (11. Nxf7 Nxb3 $19)
11... a5 $15) 11. axb3 Bg4 12. h3 Bd7 13. Nf3 $11 (13. Na4 Bb4+ 14. c3 Ba5 15.
Nc5 dxc5 (15... Bxc3+ 16. bxc3 dxc5 17. Nf3 Be6 18. Nxe5 $14) 16. Rxa5 $14 {
Komodo10}) 13... b5 14. Bh6 Nh5 (14... Ke7) 15. Ne2 (15. g4 Nf4 16. Bxf4 exf4
17. Ne2 O-O 18. Kf1 (18. Nxf4 f5 $17 {Wh's Ns are loose}) 18... Bb6 19. Kg2 f6
20. Nxf4 $14) 15... Rg8 16. Nh2 {endangers the B on h6} (16. Kd2 Bxf2 17. g4
Ng7 18. Rhf1 Bb6 19. Ng5 f5 20. Nxh7 Bd8 21. exf5 gxf5 22. Bg5 Rh8 23. Bxd8
Rxh7 24. Bf6 fxg4 25. hxg4 Bxg4 26. Rg1 Bxe2 27. Bxg7 Kf7 28. Kxe2 Rxg7 29.
Rxg7+ Kxg7 30. Ra6 Rc8 31. Rxa7+ Kf6 $11 {Komodo10}) 16... g5 17. h4 gxh4 $15
18. Rg1 O-O-O 19. Be3 Bxe3 20. fxe3 Kb7 21. Kd2 Rdf8 (21... Ng3) 22. Ra5 f5 $19
23. Rga1 Ra8 24. exf5 Rxg2 25. Nf3 Ng3 26. Re1 h3 27. f6 h2 (27... Bg4 $1) 28.
Nxh2 Rxh2 29. Kd1 Bg4 (29... Nxe2) 30. Kd2 Nxe2 31. Raa1 Nd4+ 32. Kc3 Nxc2 (
32... c5 33. Rac1 (33. exd4 exd4#) 33... b4+ 34. Kc4 Be6# {Komodo10}) 33. f7 (
33. b4) 33... b4+ 34. Kc4 Be6# 0-1

[Event "Dyfed Major"]
[Site "Fishguard"]
[Date "2017.02.24"]
[Round "1"]
[White "Bevan, Paul"]
[Black "Hammett, Scott"]
[Result "0-1"]
[WhiteElo "1251"]
[BlackElo "1443"]
[Annotator "Rudy"]
[PlyCount "30"]
[EventDate "2017.02.24"]
[EventCountry "WLS"]

1. d4 f5 2. e3 Nf6 3. Bd3 e6 4. c4 d5 5. c5 (5. Nc3 {main, more flexible}) 5...
c6 (5... Be7 6. Nf3 O-O 7. O-O c6 8. Nc3 {transposes to several other games})
6. Nf3 Be7 7. Ne5 (7. O-O) 7... Nbd7 (7... O-O 8. f4) 8. f4 O-O 9. O-O (9. Nxd7
Bxd7 10. Nd2 Kh8 11. Nf3 Rg8 12. Ne5 Be8 {Kronenburg-Rompel, Hessen ch MVT
Offenbach 2005,0-1}) 9... Nxe5 10. fxe5 Ng4 {a provocation, that Wh should not
be tempted by} (10... Ne4 $15 {more usual placement fot this N}) 11. h3 (11.
Nc3) 11... Bh4 $5 {continuing the idea, however it should not work against a
correct defence} (11... Nh6 $11) 12. hxg4 $18 Bg3 13. Rf3 {still ok, but the
next move is crucial} (13. Nd2 $1 {Komodo10} Qh4 (13... fxg4 14. Qxg4 $18) 14.
Nf3 Qxg4 15. Bd2 Bd7 16. Be1 $18) 13... Qh4 14. Kf1 $2 (14. Rxg3 $1 Qxg3 15.
gxf5 $18 {the Q no longer has any support troops} exf5 16. Nc3 f4 17. Ne2 Qh4
18. exf4 $18) 14... Qh1+ 15. Ke2 Qxg2+ (15... Qxg2+ 16. Rf2 Qxf2#) 0-1

[Event "Dyfed Major"]
[Site "Fishguard"]
[Date "2017.02.24"]
[Round "1"]
[White "Chong, Kimberly"]
[Black "Eddershaw, John"]
[Result "1/2-1/2"]
[WhiteElo "1441"]
[BlackElo "1250"]
[Annotator "user,mesh"]
[PlyCount "114"]
[EventDate "2017.02.24"]
[EventCountry "WLS"]

1. d4 f5 2. Bf4 Nf6 3. Nc3 e6 4. a3 (4. e3) (4. Nf3) 4... Be7 5. e3 d5 (5... d6
{blunts some of the power of the Wh B.} 6. h3 O-O 7. Bd3 Nc6 8. Nf3 Nh5 {
Johansson-Turova, Hamina Bastioni op 2016, 0-1}) 6. Nf3 Nbd7 (6... O-O) (6...
c6 {both avoid Wh's next}) 7. Nb5 $16 Bd6 8. Bxd6 cxd6 9. Nxd6+ Ke7 10. Ne5 (
10. Nb5) 10... Nxe5 11. Nxc8+ {gets rid of Bl's bad B( stuck behind the centre
pawns) & hepls Bl's development} (11. dxe5 Ne4 12. Nb5 $16) 11... Rxc8 12. dxe5
Ne4 (12... Nd7 $11 {regains the pawn}) 13. Bd3 Ng5 {wasting time removing the
N from a good square} (13... Qc7 $11) 14. Qd2 Ne4 15. Bxe4 (15. Qb4+ Nc5 16. g4
a5 17. Qf4 Nxd3+ 18. cxd3 Rf8 19. Rg1 $16 {Komodo10; the Bl K is uncomfortable
in the centre}) 15... fxe4 16. Qb4+ Kf7 17. Qxb7+ Kg6 (17... Rc7) 18. Qb3 (18.
Qxa7 Rxc2 19. O-O $18 {the Wh Rs willcome sweeping into the Q side, aiming at
the 7th rank & eyeing the weak e6 pawn}) 18... Qc7 19. c3 Qxe5 20. O-O $16 Rb8
21. Qc2 Qf5 22. Rab1 {best not to have Rs sitting passively behind a weak pawn}
(22. Rad1 {centralises}) (22. b3 Rhc8 23. c4 {starts running the extra Q side
pawns}) 22... Rhc8 23. a4 (23. b3) 23... a5 24. Qd2 Qe5 25. f3 {opening up
against the K} exf3 26. Qd3+ (26. Rxf3 $14 {simplest}) 26... Qe4 $11 27. Qxe4+
dxe4 28. gxf3 exf3 29. Rxf3 h6 (29... Rxc3 {regains the pawn}) 30. e4 (30. b4
Rxc3 31. b5 Ra3 32. Rf4 Rxe3 33. Kf2 Rh3 34. Rg1+ Kh7 $11 {Komodo10}) 30... Rc4
31. e5 (31. Kf2 Rxe4 32. b3 Kh5 33. b4 g5 34. Rh3+ Kg4 35. Rg3+ Kh5 36. Rh3+
$11 {Komodo10}) 31... Rxa4 $15 32. Kh1 Re4 33. Rg1+ Kh7 (33... Kh5 34. Rh3+ Rh4
35. Rxh4+ Kxh4 36. Rg2 a4 $15 {Komodo10}) 34. Rf7 Rg8 35. Ra7 $11 Rxe5 36. Ra1
(36. c4 Re2 37. b3 Re3 38. Rb7 e5 $11) 36... Rb5 37. R7xa5 (37. Ra2 Rgb8 $17)
37... Rxb2 38. Rc1 (38. Ra7 Rc2 39. Rc7 Kg6 $15 {Komodo10}) 38... Rgb8 (38...
Rf8 $1 {Komodo10; a backward pawn is less important than gaining control of
the 7th rank,which is often a winning strategy} 39. Ra4 Rff2 40. h4 (40. Rh4 g5
41. Rh3 Kg6 $19 {the c pawn can always be stopped by a Rc2 & meanwhile the Bl
K side pawns just advance})) 39. c4 Rb1 (39... Rf8) 40. Ra1 Rxa1 41. Rxa1 Rc8
42. Rc1 Kg6 $15 43. Kg2 Kf6 44. Kf3 Rc5 (44... Ke5 $15 {keeps the Wh K at bay})
45. Ke4 Ke7 46. Kd4 Kd6 47. Ra1 e5+ 48. Kd3 e4+ (48... Ke6 49. Ra8 Kf5 $15 {
the Bl K switches to aid its own pawn majority, while the Bl R & p prevent Wh
counterplay- Bl has good winning chances}) 49. Kd4 e3 50. Re1 (50. Ra6+ Rc6 51.
Rxc6+ Kxc6 52. Kxe3 $11) 50... Re5 (50... Rh5 51. Rxe3 Rxh2 52. c5+ $11 {
although Bl has two passed pawns, they are far back & Wh has K & R activity to
compensate}) 51. Rxe3 Rxe3 52. Kxe3 Kc5 $11 {the outside pawn does what
normally happens, lure a piece away from where there are more pawns to be
captured} 53. Kf4 Kxc4 54. Kf5 Kd4 55. Kg6 Ke4 56. Kxg7 Kf4 57. Kxh6 Kg4
1/2-1/2

[Event "Dyfed Major"]
[Site "Fishguard"]
[Date "2017.02.24"]
[Round "1"]
[White "Cooke, Raymond"]
[Black "Narayan-Taylor, Robert"]
[Result "0-1"]
[WhiteElo "1340"]
[BlackElo "1476"]
[Annotator "Rudy"]
[PlyCount "40"]
[EventDate "2017.02.24"]
[EventCountry "WLS"]

1. d4 Nf6 2. Nf3 g6 3. Bg5 Bg7 4. Bxf6 (4. Nbd2 {main}) 4... Bxf6 5. e4 d6 6.
d5 $2 {commits the pawns & loses an exchange} (6. c3) (6. Nc3 {main lines})
6... Bxb2 $19 7. Nbd2 Bxa1 8. Qxa1 O-O {if Wh still had his QB , then there
might be compensationagainst Bl's weakened K side} 9. Bd3 (9. h4 $5 {perhaps
after opening the h file, Bl can sneak in a Qh8 mate?}) 9... e5 10. dxe6 Bxe6
11. Qb2 b6 12. O-O Nd7 13. Nd4 Nc5 14. Nxe6 Nxe6 (14... fxe6) 15. Nf3 c5 16. c4
Nf4 17. Bc2 Qd7 18. g3 Qh3 19. Ne1 (19. gxf4 Qg4+ 20. Kh1 Qxf3+ 21. Kg1 Qg4+
22. Kh1 Qxf4 23. f3 Rae8 $19 {Wh has a bad B against the excghange & a
weakened K side}) 19... Ne2+ 20. Kh1 Qxf1# 0-1

[Event "Dyfed Major"]
[Site "Fishguard"]
[Date "2017.02.24"]
[Round "1"]
[White "White, Sam"]
[Black "Williams, Allan"]
[Result "1-0"]
[WhiteElo "1411"]
[BlackElo "1200"]
[Annotator "Rudy"]
[PlyCount "75"]
[EventDate "2017.02.24"]
[EventCountry "WLS"]

1. d4 d5 2. Nf3 e6 3. Bf4 Nf6 4. h3 Be7 5. e3 O-O 6. Nbd2 b6 (6... c5 {
alternative}) 7. Bd3 h6 8. O-O Bb7 9. c3 Nbd7 10. Ne5 (10. Re1) 10... a6 (10...
Nxe5) (10... c5 {played}) 11. Nxd7 (11. Bh2 Nxe5 12. dxe5 Nd7 13. Qh5 Nc5 14.
Bc2 Bc6 15. f4 Be8 16. Qg4 Bb5 {Van Rensselaer-Kabera, Tromsoe ol 2014,1/2-1/2}
) 11... Qxd7 12. Nf3 Bd6 13. Bxd6 cxd6 14. a4 Qe7 15. Qb3 Qc7 16. Nd2 e5 17.
Rfe1 $11 e4 18. Be2 Bc8 19. Nf1 Be6 20. Ng3 g6 21. Rac1 h5 22. Qd1 Kg7 23. Kh2
$11 Rh8 24. Bf1 g5 25. f3 h4 26. Nh1 Qe7 27. Nf2 {Bl has a slight space
advantage, but Wh has enough counterplay} Nh5 28. c4 exf3 29. gxf3 Ng3 30. cxd5
Bxd5 31. e4 Be6 32. Bc4 Qf6 (32... Bxc4 33. Rxc4 Rac8 $15 {Komodo10}) 33. Bxe6
fxe6 (33... Qxe6) 34. Rc7+ $16 Kg6 $6 {puts the K & Q in danger} (34... Kg8 35.
Qb3 $16) 35. e5 $18 Qf4 36. Qd3+ (36. Nd3 $1 $18 {Komodo10; a difficult move
for humans to workout} Nf1+ (36... Qxd4 37. f4 $1 Rh5 38. exd6 Kf6 (38... Qxd6
39. Ne5+ $18) 39. Qf3 $1 (39. Rf7+ Kxf7 40. Ne5+ $18 {also}) 39... Re8 (39...
Rf8 40. fxg5+ Kxg5 41. Qxf8) 40. Ne5 $18 {the Bl K is tooexposed})) (36. Kg2 d5
$11) 36... Kh5 (36... Nf5+ $1 37. Kh1 d5 $17 {Bl's K is now safe & Wh has weak
pawns to exploit}) (36... Kh6 37. Ng4+) 37. Rh7+ Rxh7 38. Qxh7# 1-0

[Event "Dyfed Major"]
[Site "Fishguard"]
[Date "2017.02.24"]
[Round "1"]
[White "O'Rourke, Kevin"]
[Black "Watkins, Peter"]
[Result "0-1"]
[WhiteElo "1107"]
[BlackElo "1390"]
[Annotator "Rudy"]
[PlyCount "80"]
[EventDate "2017.02.24"]
[EventCountry "WLS"]

1. e4 d6 2. d4 Nf6 3. Nc3 Nbd7 4. Nf3 e5 5. d5 (5. Bc4 {main}) 5... Be7 6. Bd3
Nc5 (6... O-O {main}) 7. Bb5+ (7. O-O) 7... Bd7 8. Bxd7+ Qxd7 9. Qe2 (9. Be3
Nfxe4 10. O-O Nxc3 11. bxc3 Ne4 12. c4 O-O $17 {Mori-Trevis, IECG email 2003,
1-0}) 9... a6 (9... c6 10. b4 Na6 11. b5 Nc5 12. Bg5 Qg4 13. Bxf6 Bxf6 14. O-O
O-O $11 {Contreras Acevedo-Pena More, Pan American ch ,Cartagena 2012,1-0}) 10.
a3 O-O 11. b3 (11. O-O) 11... Qg4 12. Bg5 (12. h3 Qxg2 13. Rg1 Qxh3 14. b4 Ncd7
15. Rg3 Qh5 16. Rg5 Qh3 17. Rg3 $11 {Komodo10}) 12... Rfe8 (12... Nxd5 $17 {
the QB is loose; Komodo10}) 13. Bxf6 Bxf6 14. b4 Nd7 15. h3 (15. O-O $11) 15...
Qg6 (15... Qxg2 16. O-O-O Qg6 17. Rdg1 Qh6+ 18. Kb2 a5 $17 (18... b5 19. Qd3
Nb6 $17 {Komodo10})) 16. O-O-O Bg5+ 17. Kb2 $11 f5 18. h4 Be7 19. h5 Qf7 20.
Nh4 Bxh4 21. Rxh4 f4 $11 22. f3 (22. Rhh1) 22... b5 $15 {Wh's attack has
stalled, so Bl gets a chance} 23. Rg4 {a R on its own can do little; in fact
it becomes vulnerable} Nb6 24. Rg5 Nc4+ $19 25. Ka2 Qe7 26. Rg4 Ne3 27. Rg1
Nxg4 28. fxg4 Rf8 29. Qf3 a5 {back to the Q side attack} 30. bxa5 Rxa5 31. Nb1
b4 32. Kb2 bxa3+ 33. Nxa3 (33. Ka1 $5) 33... Rb8+ 34. Kc1 Qd7 35. Qc3 Qa4 36.
Qxc7 Qxa3+ 37. Kd2 Qb4+ (37... Qe3+ 38. Kd1 Ra1#) 38. Ke2 Qxe4+ 39. Kd2 Qe3+
40. Kd1 Qxg1+ (40... Ra1#) (40... Rb1#) (40... Rxd5#) 0-1

[Event "Dyfed Major"]
[Site "Fishguard"]
[Date "2017.02.24"]
[Round "1"]
[White "O'Brien, Sam"]
[Black "Holman, Sam"]
[Result "0-1"]
[WhiteElo "1500"]
[BlackElo "1334"]
[Annotator "Rudy"]
[PlyCount "56"]
[EventDate "2017.02.24"]
[EventCountry "WLS"]

1. e4 c5 2. Nf3 d6 3. d4 cxd4 4. Nxd4 Nf6 5. Nc3 a6 6. Bg5 e6 7. f4 h6 8. Bh4
Qb6 {an ultra-sharp opening; after h6 Wh can no longer avoid giving up the b2
pawn, but in return gets complex attacking chances with many sacrificial
possibilities. Bl provokes these, hoping to weather the storm mateial up. The
resulting positions have had a huge amount of detailed analysis spent on them.
It shows admirable willingness o both sides to engage in such adventures.} 9.
Qd2 Qxb2 10. Rb1 (10. Nb3 {is another option}) 10... Qa3 11. e5 {the sharpest}
(11. f5) (11. Bxf6) (11. Be2 {have also been explored}) 11... dxe5 (11... g5
12. fxg5 dxe5 {yet another sideline}) 12. fxe5 Nfd7 (12... g5 13. exf6 gxh4 14.
Be2 Qa5 15. O-O Nd7 16. Kh1 Qg5 17. Rf4 {is the main line explored by the GMs})
13. Be2 (13. Ne4 Qxa2 14. Rd1 Qd5 15. Qe3 Qxe5 16. Be2 Bc5 17. Bg3 {main line
here, played by GMs}) 13... Bb4 {looks more aggressive, but should lose if Wh
finds the correct tactic} (13... Be7 {main; breaks the raking line of the h4 B}
14. Bg3 {played between 2016 & 1956} (14. Bxe7 {played between 2016 & 1957}))
14. Rb3 Qa5 15. O-O {too slow} (15. Nxe6 $1 $18 {should be winning, but in the
3 games played Wh did not keep the game under control} g5 (15... fxe6 16. Bh5+
Kf8 17. O-O+ Kg8 (17... Nf6 18. Rxb4 $1 Qxb4 19. Qd8#) 18. Bf7+ Kf8 19. Bxe6+
Ke8 20. Bf7+ Kf8 21. Rxb4 $1 Qxb4 22. Bg6+ Kg8 23. Qd5# {Komodo10}) 16. Rxb4 $1
(16. O-O fxe6 (16... Qb6+ 17. Bf2 Qxe6 18. Rxb4 Nc6 19. Bg4 Qg6 20. Bxd7+ {but
a draw was agreed in Guimares ( 1747)- Cunha (2213), BRA ch sf, Rio de Janeiro
2013,1/2-1/2}) 17. Bh5+ (17. Rxb4 $11 {Komodo10}) 17... Kd8 18. Bg3 Nc6 $19 {
Leko-Bin Suhayl, London Classic op 2016,0-1}) 16... Qxb4 17. Nc7+ $18 Kd8 18.
Bf2 (18. Bg3 $1) 18... Re8 19. Nxa8 Rxe5 20. Nb6 Nc6 21. O-O Rxe2 22. Qxe2 Qxc3
23. Re1 $18 {but Wh was unable to sustain the winning lines later, thus
settled for a repetition; Bukta-Varadi. Eger Agria op 1999, 1/2-1/2}) 15... Nc5
16. Rxb4 (16. Bh5 O-O 17. Rxb4 Qxb4 18. Be7 Nb3 19. Bxf8 Nxd2 20. Bxb4 Nxf1 21.
Kxf1 $16 {Komodo10}) 16... Qxb4 17. Nc6 $2 {trying for a mate} (17. Nf5 $1 {
Komodo10; is the correct way to force a win} Nc6 (17... O-O 18. Ne7+ Kh7 (18...
Kh8 19. Rxf7 $1 Nbd7 (19... Rxf7 20. Qd8+ Kh7 21. Qg8#) 20. Bf6 Nxf6 21. exf6 {
will force mate; Komodo10})) (17... Nbd7 18. Qd6 $1 {& wins the Q after Qxh4})
18. Nd6+ Kf8 19. Nxf7 $1 $18 {Komodo10}) (17. a3 Qb6 18. Qf4 Qc7 19. Ndb5 axb5
20. Nxb5 Qd7 21. Nd6+ Kf8 22. Nxf7 $18 {is another way}) 17... Qb6 (17... Nxc6
{takes the piece & covers the mate}) 18. Qd6 (18. Nd4 Nc6 19. Bh5 O-O $17 {
retreating is Whs's best hope of survival now}) 18... Ne4+ $1 $19 19. Bf2 Qxf2+
20. Rxf2 Nxd6 21. Nxb8 Nf5 $19 {& slowly Bl's Q side comes alive to win the
game} 22. Nxa6 bxa6 23. Ne4 Bb7 (23... O-O) 24. Nc5 Bc8 (24... Rb8) 25. g4 Ne3
26. Bf3 Rb8 27. Bc6+ Ke7 28. Ne4 Rb1+ {& mate next move} 0-1